000 00902nam a2200253 a 4500
001 000017212
005 20240307073946.0
008 100319s1958 dr ac 000 0 spa d
040 _aDO-SdBNP
_bspa
_cBNPHU
041 1 7 _aspa
_2eng
082 _axxx
_bS612
111 2 _aSimposium de cirugía.
_d(1956 :
_cSanto Domingo)
_937856
245 1 0 _aSimposium de cirugía = Surgical symposium.
246 1 1 _aSurgical symposium
260 _aCiudad Trujillo :
_b[UASD],
_c1958.
300 _av. :
_bil., retrs. ;
_c25 cm.
490 1 _aPublicaciones de la Universidad de Santo Domingo
_v11
_vno. 6
500 _aIncluye notas al pie de páginas
500 _aLa biblioteca posee el volúmen 112
504 _aIncluye referencias bibliográficas
710 1 _aUniversidad Autónoma de Santo Domingo
_972951
830 0 _aPublicaciones de la Universidad de Santo Domingo
_v11
_nno. 6
_937858
049 _aBNPD
999 _c16737
_d16737